| 000 | 00685nam a2200253Ia 4500 | ||
|---|---|---|---|
| 999 |
_c5899 _d5899 |
||
| 001 | 33605 | ||
| 003 | GBCCL | ||
| 005 | 20241126110552.0 | ||
| 008 | 870402s1979 enka 001 0 eng d | ||
| 020 | _a084741213X | ||
| 035 | _a(OCoLC)15477828 | ||
| 040 |
_aJFR _cJFR |
||
| 049 | _aLBBK | ||
| 082 |
_a811.54 _bCLA |
||
| 092 |
_a811.54 _bC592 |
||
| 100 | 1 |
_aClark, Eugene L. _910670 |
|
| 245 | 1 | 0 |
_aMy hope : _bPoems / _cby Eugene L. Clark. |
| 260 |
_aNebraska: _bBack to the Bible, _cc1979. |
||
| 300 |
_a159 p. : _bill. ; _c18 cm. |
||
| 500 | _aIncludes index. | ||
| 650 |
_aChristian poetry, American _94166 |
||
| 650 |
_aAmerican poetry _y20th Century _910671 |
||
| 942 |
_2ddc _cBK _01 |
||